000 00374nam a2200145Ia 4500
008 230917s9999||||xx |||||||||||||| ||und||
040 _e5002203
_aMAIN
041 _aEnglish
082 _a342.085 M278C
100 _aMahadev
245 0 _aChanging dimension of right to life and personal liberty: A critical study
260 _c2021
300 _axxix, 316 p.
942 _cBK
999 _c9182
_d9182